Исследование закономерностей обратимых и необратимых радиационных изменений диэлектрических свойств полимеров: автореферат диссертации на соискание ученой степени кандидата химических наук; спец. 02.00.06

Bibliografiska uppgifter
Huvudupphovsman: Сурнин В. А. Валерий Анатольевич
Institutionell upphovsman: Научно-исследовательский физико-химический институт им. Л. Я. Карпова
Övriga upphovsmän: Вайнсберг С. Э. (научный руководитель), Матвеев В. К.
Sammanfattning:Защита сост. 25.12.1978 г.
Språk:ryska
Publicerad: Москва, [Б. и.], 1978
Ämnen:
Materialtyp: Bok
KOHA link:https://koha.lib.tpu.ru/cgi-bin/koha/opac-detail.pl?biblionumber=371584

MARC

LEADER 00000nam0a2200000 4500
001 371584
005 20250130161959.0
035 |a (RuTPU)RU\TPU\retro\28994 
090 |a 371584 
100 |a 20221028d1978 k y0rusy50 ca 
101 0 |a rus 
102 |a RU 
105 |a a dm 001zy 
200 1 |a Исследование закономерностей обратимых и необратимых радиационных изменений диэлектрических свойств полимеров  |e автореферат диссертации на соискание ученой степени кандидата химических наук  |e спец. 02.00.06  |f В. А. Сурнин  |g Московский научно-исследовательский физико-химический институт им. Л. Я. Карпова ; науч. рук. С. Э. Вайнсберг, В. К. Матвеев 
210 |a Москва  |c [Б. и.]  |d 1978 
215 |a 21 с.  |c ил. 
300 |a Защита сост. 25.12.1978 г. 
320 |a Библиогр.: с. 20-21 (9 назв.) 
606 1 |a Полимеры  |x Диэлектрические свойства  |2 stltpush  |3 (RuTPU)RU\TPU\subj\50240  |9 68964 
610 1 |a поляризация 
610 1 |a полимерные диэлектрики 
610 1 |a экспериментальные данные 
610 1 |a исследование 
610 1 |a диэлектрические потери 
610 1 |a обратимые радиационные изменения 
610 1 |a радиационно-химические процессы 
610 1 |a авторефераты диссертаций 
675 |a 678.01:53(04)  |v 4 
686 |a 02.00.06  |2 oksvnk 
700 1 |a Сурнин  |b В. А.  |g Валерий Анатольевич 
702 1 |a Вайнсберг  |b С. Э.  |4 727 
702 1 |a Матвеев  |b В. К.  |4 727 
712 0 2 |a Научно-исследовательский физико-химический институт им. Л. Я. Карпова  |c Обнинск, Калужская обл.  |c 1931-  |9 24459 
801 1 |a RU  |b 63413507  |c 20221028 
801 2 |a RU  |b 63413507  |c 20221028  |g RCR 
942 |c BK